| 000 | 00408nam a22001457a 4500 | ||
|---|---|---|---|
| 020 | _a9789381226162 | ||
| 082 |
_a664.8 _bMRI/FO |
||
| 245 | _aFood Processing Technologies, Co- Product Utilization and Quality Assurance | ||
| 260 |
_aDelhi _bSatish serial publishing house _c2012 |
||
| 300 | _a631 | ||
| 700 |
_aMridula, D _9700 |
||
| 700 |
_aPatil, R.T _9701 |
||
| 700 |
_aManikantan, M.R _9702 |
||
| 942 | _cREF | ||
| 999 |
_c14026 _d14026 |
||